| 000 | 01112nam a2200265 a 4500 | ||
|---|---|---|---|
| 001 | 000048976 | ||
| 003 | DO-SdBNP | ||
| 005 | 20250206083507.0 | ||
| 007 | ta | ||
| 008 | 130307s2017 dr r 000 0 spa d | ||
| 020 | _a9789945585292 | ||
| 040 |
_aDO-SdBNP _bspa _cBNPHU |
||
| 082 | 4 |
_a347.7293 _bG373d 2017 _222 |
|
| 100 | 1 |
_aGermán M., Mariano, _d1946- _q(Germán Mejía) _99311 |
|
| 245 | 1 | 0 |
_aDiscurso pronunciado por el Dr. Marinao Germán Mejía en ocasión de la conmemoración del día del Poder Judicial : _baudiencia solemne 7 de enero de 2017 / _cMariano Germán Mejía. |
| 260 |
_aSanto domingo, República Dominicana : _bPoder Judicial, _c2017. |
||
| 300 |
_a63 p. ; _c23 cm. |
||
| 590 | _aInventariado, 2019/VM | ||
| 650 | 4 |
_aPoder judicial _zRepública Dominicana _xEnsayos, conferencias, etc. _946172 |
|
| 650 | 4 |
_aDiscursos _96584 |
|
| 651 | 4 |
_aAdministración De Justicia _zRepública Dominicana _xEnsayos, conferencias, etc. _970381 |
|
| 651 | 4 |
_aAdministración De Justicia Penal _zRepública Dominicana _930549 |
|
| 710 | 2 |
_aPoder Judicial (República Dominicana) _976405 |
|
| 942 |
_2ddc _cLBS1 |
||
| 999 |
_c48464 _d48464 |
||